Southville International School and Colleges
Your cart is empty.
  • Cart
  • Lists
    Public lists Eva Luna New books Lux_list list_1
    Your lists Log in to create your own lists
  • Log in to your account
  • Your cookies
  • Search history
Southville International School and Colleges
  • Advanced search
  • Recent comments
  • Most popular
  • Libraries

Log in to your account

Log in with GOOGLE


If you do not have an external account, but do have a local account, you can still log in:

  1. Home
  2. MARC view: Desk encyclopedia of general virology /
Normal view MARC view ISBD view

Desk encyclopedia of general virology / (Record no. 13799)

[ view plain ]
MARC details
000 -LEADER
fixed length control field 00740nam a2200217 a 4500
003 - CONTROL NUMBER IDENTIFIER
control field OSt
005 - DATE AND TIME OF LATEST TRANSACTION
control field 20140310182500.0
008 - FIXED-LENGTH DATA ELEMENTS--GENERAL INFORMATION
fixed length control field 110614s19uu xx 00 eng d
020 ## - INTERNATIONAL STANDARD BOOK NUMBER
International Standard Book Number 9780123751461
050 ## - LIBRARY OF CONGRESS CALL NUMBER
Classification number QR 358
Item number .D459 2010
245 ## - TITLE STATEMENT
Title Desk encyclopedia of general virology /
Statement of responsibility, etc editors-in-chief Brian W J Mahy, Marc H V van Regenmortel.
260 ## - PUBLICATION, DISTRIBUTION, ETC. (IMPRINT)
Place of publication, distribution, etc Boston, MA :
Name of publisher, distributor, etc Elsevier,
Date of publication, distribution, etc c2010.
300 ## - PHYSICAL DESCRIPTION
Extent 644 p. :
Other physical details ill. ;
Dimensions 28 cm.
440 ## - SERIES STATEMENT/ADDED ENTRY--TITLE
Title Encyclopedia of virology
9 (RLIN) 8629
500 ## - GENERAL NOTE
General note Includes index.
650 ## - SUBJECT ADDED ENTRY--TOPICAL TERM
Topical term or geographic name as entry element Virology
General subdivision Encyclopedias
9 (RLIN) 8630
700 ## - ADDED ENTRY--PERSONAL NAME
Personal name van Regenmortel, Marc, editor
9 (RLIN) 8631
942 ## - ADDED ENTRY ELEMENTS (KOHA)
Source of classification or shelving scheme Library of Congress Classification
Koha item type
Holdings
Withdrawn status Lost status Source of classification or shelving scheme Damaged status Home library Current library Shelving location Date acquired Total Checkouts Full call number Barcode Date last seen Copy number Price effective from Koha item type
    Library of Congress Classification   South SEED-LPDH College Library South SEED-LPDH College Library South SEED-LPDH College Section 08/06/2013   QR 358 .D459 2010 SSLC0603 04/20/2017 1 08/06/2013 Books

Desk encyclopedia of general virology /

APA

van Regenmortel M. e., . (2010). Desk encyclopedia of general virology. Boston, MA: Elsevier.

Chicago

van Regenmortel Marc editor, . 2010. Desk encyclopedia of general virology. Boston, MA: Elsevier.

Harvard

van Regenmortel M. e., . (2010). Desk encyclopedia of general virology. Boston, MA: Elsevier.

MLA

van Regenmortel Marc editor, . Desk encyclopedia of general virology. Boston, MA: Elsevier. 2010.

  • Place hold
  • Print
  • Cite
  • Add to your cart (remove)
  • Save record
    BIBTEX Dublin Core MARCXML MARC (non-Unicode/MARC-8) MARC (Unicode/UTF-8) MARC (Unicode/UTF-8, Standard) MODS (XML) RIS
  • More searches
    Search for this title in:
    Other Libraries (WorldCat) Other Databases (Google Scholar) Online Stores (Bookfinder.com) Open Library (openlibrary.org)

Exporting to Dublin Core...

SOUTHVILLE LIBRARY

Southville International School and Colleges Library

1281 Tropical Ave. Cor. Luxembourg St., BF Homes International, Las Pinas City

Tel. No. 8256374 / 252358 Loc. 117/146

Powered by Koha